000 00897nam a22002657a 4500
005 20160613113933.0
010 _aENG-115271
020 _a9789352602001
_c715.00
020 _a9352602005
_c715.00
035 _aEN-98803
037 _bDBAD/PUB
082 _a658.7
100 _aBowersox, Donald J.
245 _aSupply chain logistics management /
_cby Donald J. Bowersox, David J. Closs [and] M. Bixby Cooper
250 _a3rd ed
260 _aNew Dellhi
_bMcGraw Hill Education
_c2016
270 _aP-25,Green Park Extension
_bNew Delhi
_e110016
300 _a xiv, 498p :
_bill .
_c27cm(pbk)
490 _a The McGraw-Hill/Irwin series operations and decision sciences
500 _a Includes bibliographical references and index.
650 _aBusiness logistics.
700 _a Closs, David J.
700 _aCooper, M. Bixby
942 _2ddc
_cEN
_mBOW
_h658.7
999 _c100285
_d100285